| 000 | 00529nam a22001817a 4500 | ||
|---|---|---|---|
| 003 | OSt | ||
| 005 | 20130607101059.0 | ||
| 008 | 130607s2000 sp ||||| |||| 00| 0 cat d | ||
| 020 | _a8460713520 | ||
| 040 | _cCDMR | ||
| 245 | 0 | 0 |
_aEducació i televisió local _cFrancesc-Josep Deó (ed.) |
| 260 |
_aBarcelona _bMitjans. Xarxa d'Educadors i Comunicadors _cDL 2000 |
||
| 300 | _a101 p. | ||
| 650 | 0 | 4 |
_92782 _aTelevisió en l'ensenyament |
| 650 | 0 | 4 |
_93089 _aTelevisió local |
| 700 | 1 |
_93704 _aDeó, Francesc Josep |
|
| 942 |
_2udc _cMON |
||
| 999 |
_c6418 _d6418 |
||